Sequential methods in statistics /
Guardado en:
| Autor Principal: | |
|---|---|
| Formato: | Libro |
| Idioma: | English |
| Publicado: |
London :
Methuen,
1966.
|
| Series: | Methuen's monographs on applied probability and statistics
|
| Etiquetas: |
Agregar Etiqueta
Sin Etiquetas, Sea el primero en etiquetar este registro!
|
| LEADER | 00634nam a22001931a 4500 | ||
|---|---|---|---|
| 001 | MAT.inmabb002492 | ||
| 008 | 840126s1966####enka#####b####000#0#eng## | ||
| 005 | 20130323194311.0 | ||
| 245 | 1 | 0 | |a Sequential methods in statistics / |c G. Barrie Wetherill. |
| 260 | |a London : |b Methuen, |c 1966. | ||
| 300 | |a x, 218 p. : |b il. ; |c 23 cm. | ||
| 440 | 0 | |a Methuen's monographs on applied probability and statistics | |
| 504 | |a Bibliografía: p. 205-214. | ||
| 510 | 4 | |a MR, |c 35 # 7504 | |
| 100 | 1 | |a Wetherill, G. Barrie. | |
| 084 | |a 62L10 (62L12) |2 msc2000 | ||
| 010 | |a 66072683 | ||
| 040 | |a DLC/ICU |c ICU |d DLC | ||
| 859 | |h 62 |i W539 |p A-8149 |b BIB. MATEMATICA | ||
